[Event "Carlos Torre Memorial op 18th"]
[Site "Merida"]
[Date "2005.12.16"]
[Round "3"]
[White "Vera Gonzalez Quevedo, Reynaldo"]
[Black "Albarran Capistran, Alejandro"]
[Result "1-0"]
[WhiteElo "2481"]
[BlackElo "2136"]
[PlyCount "61"]
[EventDate "2005.12.15"]
[EventType "swiss"]
[EventRounds "9"]
[EventCountry "MEX"]
[SourceTitle "EXT 2007"]
[Source "ChessBase"]
[SourceDate "2006.11.23"]
[SourceVersion "1"]
[SourceVersionDate "2006.11.23"]
[SourceQuality "1"]

1. d4 Nf6 2. c4 c5 3. d5 e6 4. Nc3 exd5 5. cxd5 Bd6 6. g3 Bc7 7. Bg2 d6 8. Nf3 0-0 9. 0-0 a6 10. a4 Re8 11. Nd2 Nbd7 12. b3 Rb8 13. Bb2 b5 14. Ra2 bxa4 15. Rxa4 a5 16. Re1 Ne5 17. h3 Bd7 18. Ra2 Qe7 19. Qc2 Rb4 20. Ba3 Rd4 21. e3 Rxd2 22. Qxd2 Bxh3 23. f4 Bxg2 24. Kxg2 Neg4 25. e4 a4 26. b4 c4 27. Qd4 Nd7 28. Nxa4 f5 29. Rae2 Qf7 30. Qxc4 Qh5 31. Rh1 1-0

[Event "Fide Mercenarios 57th"]
[Site "Mexico City"]
[Date "2001.??.??"]
[Round "3"]
[White "Ortega Calzada, Jesus Jose"]
[Black "Albarran Capistran, Alejandro"]
[Result "0-1"]
[WhiteElo "2015"]
[BlackElo "2140"]
[PlyCount "74"]
[EventDate "2001.??.??"]
[EventType "swiss"]
[EventRounds "5"]
[EventCountry "MEX"]
[SourceTitle "EXT 2003"]
[Source "ChessBase"]
[SourceDate "2002.11.25"]
[SourceVersion "1"]
[SourceVersionDate "2002.11.25"]
[SourceQuality "1"]

1. e4 c5 2. Nf3 d6 3. d4 cxd4 4. Nxd4 Nf6 5. Nc3 a6 6. Bc4 e6 7. Bb3 b5 8. 0-0 Bb7 9. Re1 Nbd7 10. Bg5 Nc5 11. Bd5 Qc7 12. Bxf6 gxf6 13. b4 Nd7 14. Bxb7 Qxb7 15. Qh5 Qc7 16. Nd5 exd5 17. exd5+ Be7 18. Rxe7+ Kxe7 19. Nc6+ Ke8 20. Re1+ Ne5 21. Qf5 Kf8 22. Qxf6 Rg8 23. Nd4 Re8 24. Ne6+ Rxe6 25. dxe6 Qe7 26. Qh6+ Rg7 27. Kh1 fxe6 28. h3 Qb7 29. Qf6+ Nf7 30. f3 e5 31. Re4 Qd5 32. Rg4 Rxg4 33. hxg4 Qd1+ 34. Kh2 Qxc2 35. Qe6 Qc4 36. Qd7 d5 37. Qb7 d4 0-1

[Event "Fide Mercenarios 40th"]
[Site "Mexico City"]
[Date "1999.??.??"]
[Round "4"]
[White "Albarran Capistran, Alejandro"]
[Black "Lopez Aguilar, Hector"]
[Result "1-0"]
[WhiteElo "2140"]
[BlackElo "2000"]
[PlyCount "49"]
[EventDate "1999.??.??"]
[EventType "tourn"]
[EventRounds "13"]
[EventCountry "MEX"]
[SourceTitle "EXT 2000"]
[Source "ChessBase"]
[SourceDate "1999.11.16"]
[SourceVersion "1"]
[SourceVersionDate "1999.11.16"]
[SourceQuality "1"]

1. e4 c6 2. Nc3 d5 3. Nf3 dxe4 4. Nxe4 Bg4 5. Bc4 e6 6. h3 Bxf3 7. Qxf3 Nd7 8. d4 Be7 9. Bf4 Nb6 10. Bb3 Qxd4 11. Rd1 Qxb2 12. Bd6 0-0-0 13. 0-0 Nd5 14. Qxf7 Bxd6 15. Qxe6+ Kc7 16. Bxd5 cxd5 17. Nxd6 Rxd6 18. Qf7+ Rd7 19. Qf4+ Kc6 20. Rb1 Qf6 21. Qa4+ Kd6 22. Rfe1 b6 23. Qa3+ Kc6 24. Qa4+ Kb7 25. Qxd7+ 1-0

[Event "Fide Mercenarios 40th"]
[Site "Mexico City"]
[Date "1999.??.??"]
[Round "3"]
[White "Ibarra Cantu, Raul Alberto"]
[Black "Albarran Capistran, Alejandro"]
[Result "0-1"]
[WhiteElo "2000"]
[BlackElo "2145"]
[PlyCount "138"]
[EventDate "1999.??.??"]
[EventType "tourn"]
[EventRounds "13"]
[EventCountry "MEX"]
[SourceTitle "EXT 2000"]
[Source "ChessBase"]
[SourceDate "1999.11.16"]
[SourceVersion "1"]
[SourceVersionDate "1999.11.16"]
[SourceQuality "1"]

1. e4 Nf6 2. e5 Nd5 3. Nc3 Nxc3 4. dxc3 Nc6 5. Bf4 d6 6. Nf3 Bg4 7. Be2 e6 8. Qd2 Bxf3 9. Bxf3 dxe5 10. Bxc6+ bxc6 11. Qxd8+ Rxd8 12. Bxe5 Rd7 13. 0-0 f6 14. Bd4 c5 15. Be3 Rd5 16. Rad1 Rh5 17. g4 Rh4 18. f3 Bd6 19. Rf2 h5 20. g5 Ra4 21. a3 Kf7 22. gxf6 gxf6 23. Rg2 Rb8 24. Bc1 Rh4 25. Rd3 c4 26. Rd1 Rb5 27. Kh1 Rf5 28. Rf1 Rh3 29. f4 e5 30. Rgf2 Bc5 31. Re2 Ke6 32. Kg2 Rh4 33. h3 Kf7 34. Kg3 Rhxf4 35. Bxf4 exf4+ 36. Kf3 Bd6 37. Rd1 Rb5 38. Rb1 Rg5 39. Rg2 Re5 40. Re2 Rg5 41. Rg2 Re5 42. Kf2 Bc5+ 43. Kf3 Bd6 44. Rh2 Re3+ 45. Kf2 Bc5 46. Kf1 h4 47. Re1 Rg3 48. Re4 f3 49. Rh1 f2 50. Rg4 Rg1+ 51. Rhxg1 fxg1Q+ 52. Rxg1 Bxg1 53. Kxg1 Ke6 54. Kf2 Ke5 55. Kf3 f5 56. Ke3 f4+ 57. Kf3 Kf5 58. b3 Ke5 59. a4 Kf5 60. a5 Ke5 61. a6 Kf5 62. bxc4 c5 63. Kf2 Ke4 64. Ke2 f3+ 65. Kf1 Ke5 66. Ke1 Kf5 67. Kf1 Ke4 68. Ke1 Ke3 69. Kf1 f2 0-1